| 000 | 00441nam a22001577a 4500 | ||
|---|---|---|---|
| 005 | 20140310183646.0 | ||
| 008 | 140108b xxu||||| |||| 00| 0 eng d | ||
| 020 | _a0240804813 | ||
| 050 |
_aTK 105.888 _b.M32 2002 |
||
| 100 | _aKoppel-Maciuba, Darlene | ||
| 245 |
_aThe Web Writer's Guide : _bTips And Tools / |
||
| 260 |
_aUSA : _bElsevier Science, _c2002. |
||
| 300 |
_a318 p. : _bill. ; _c25 cm. |
||
| 942 |
_2lcc _cBK _kFOR |
||
| 999 |
_c25944 _d25944 |
||